000 00493pam a2200157 a 4500
020 _a0023494905
040 _cDLC
082 0 0 _a550 MAC 1992 A029 Or.
100 1 _aHamblin, W. Kenneth
245 1 0 _aEarth's dynamic systems /
250 _a6th ed
260 _aNew York :
_bMacmillan Pub. Co. ;
_aToronto :
_bMaxwell Macmillan Canada ;
_aNew York :
_bMaxwell Macmillan International,
_cc1992
300 _axxiii, 647 p. :
_bill. (some col.) ;
_c29 cm
650 0 _aPhysical geology
942 _cEK
999 _c11394
_d11394